Línguas mais faladas de A-Z - Statistics

Estatísticas Gerais
  • Esse quiz foi jogado 61 vezes
    60 desde o último reset
  • A pontuação média é 11 de 26
Estatísticas das Respostas
Letra Falantes Língua % Correto
E 534 mi Espanhol
100%
P 234 mi Português
98%
I 1.13 bi Inglês
96%
M 1.11 bi Mandarim
93%
A 274 mi Árabe
89%
F 280 mi Francês
89%
R 258 mi Russo
85%
J 128 mi Japonês
81%
H 615 mi Hindi
67%
D 6 mi Dinamarquês
63%
C 77 mi Coreano
57%
B 265 mi Bengali
37%
Z 28 mi Zulu
28%
V 77 mi Vietnamita
26%
U 170 mi Urdu
24%
Q 7 mi Quíchua
17%
Y 74 mi Yue
13%
N 25 mi Nepali
11%
S 98 mi Suaíli
11%
G 61 mi Guzerate
7%
W 82 mi Wu
7%
K 18 mi Khmer
6%
O 38 mi Oriá
4%
T 93 mi Telugo
4%
X 37 mi Xiang
4%
L 10 mi Lingala
2%
Nenhum quiz correspondente encontrado
Distribuição das Pontuações
Porcentagem de Pessoas com Cada Pontuação
Percentil de Números Respondidos
Sua Pontuação Histórica
Você não jogou esse quiz desde o último reset